Entry Topical Term
Number of records used in: 1
001 - CONTROL NUMBER
003 - CONTROL NUMBER IDENTIFIER
005 - DATE AND TIME OF LATEST TRANSACTION
- control field:
20160914171953.0
008 - FIXED-LENGTH DATA ELEMENTS
- fixed length control field:
160914|| aca||aabn | a|a d
040 ## - CATALOGING SOURCE
- Original cataloging agency:
OSt
- Transcribing agency:
OSt
150 ## - HEADING--TOPICAL TERM
- Topical term or geographic name as entry element:
Engineering
670 ## - SOURCE DATA FOUND
- Source citation:
Work cat.: (OSt): Khanna,S.K and Justo,C.E.G 3541, Highway Engineering, 2011